<?xml version="1.0" encoding="UTF-8"?><?xml-stylesheet type="text/xsl" href="static/style.xsl"?><OAI-PMH xmlns="http://www.openarchives.org/OAI/2.0/" xmlns:xsi="http://www.w3.org/2001/XMLSchema-instance" xsi:schemaLocation="http://www.openarchives.org/OAI/2.0/ http://www.openarchives.org/OAI/2.0/OAI-PMH.xsd"><responseDate>2026-04-17T03:55:03Z</responseDate><request verb="GetRecord" identifier="oai:www.recercat.cat:2072/440295" metadataPrefix="marc">https://recercat.cat/oai/request</request><GetRecord><record><header><identifier>oai:recercat.cat:2072/440295</identifier><datestamp>2025-03-27T05:03:24Z</datestamp><setSpec>com_2072_98</setSpec><setSpec>col_2072_378192</setSpec></header><metadata><record xmlns="http://www.loc.gov/MARC21/slim" xmlns:dcterms="http://purl.org/dc/terms/" xmlns:xsi="http://www.w3.org/2001/XMLSchema-instance" xmlns:doc="http://www.lyncode.com/xoai" xsi:schemaLocation="http://www.loc.gov/MARC21/slim http://www.loc.gov/standards/marcxml/schema/MARC21slim.xsd">
   <leader>00925njm 22002777a 4500</leader>
   <datafield ind2=" " ind1=" " tag="042">
      <subfield code="a">dc</subfield>
   </datafield>
   <datafield ind2=" " ind1=" " tag="720">
      <subfield code="a">Ripolles-Avila, Carolina</subfield>
      <subfield code="e">author</subfield>
   </datafield>
   <datafield ind2=" " ind1=" " tag="720">
      <subfield code="a">Martínez-García, María</subfield>
      <subfield code="e">author</subfield>
   </datafield>
   <datafield ind2=" " ind1=" " tag="720">
      <subfield code="a">Hascoët, Anne-Sophie</subfield>
      <subfield code="e">author</subfield>
   </datafield>
   <datafield ind2=" " ind1=" " tag="720">
      <subfield code="a">Rodríguez-Jerez, José Juan.</subfield>
      <subfield code="e">author</subfield>
   </datafield>
   <datafield ind2=" " ind1=" " tag="260">
      <subfield code="c">2019</subfield>
   </datafield>
   <datafield ind2=" " ind1=" " tag="520">
      <subfield code="a">Two different TiO nanoparticles, NM101 and NM105, were evaluated against a range of Gram-positive (Staphylococcus aureus, Bacillus cereus, Lactobacillus casei, Lactobacillus bulgaricus, Lactobacillus acidophilus and Lactobacillus lactis) and Gram-negative (Salmonella enterica var. Enteridis and Escherichia coli) bacteria. Both NM101 and NM105 TiO nanoparticles (UV-exposed or none) had a significant antibacterial activity when the concentration of TiO suspension was 100 µg mL. The activation of the TiO NPs led, in all cases, to a shift in the growth curve, revealing lower counts as the concentration increased. E. coli was the most significantly affected pathogen by both TiO nanoparticles reaching among 2-3 log CFU.mL reduction. In addition, in the case of the probiotic bacteria, NM105 TiO nanoparticles had similar effects as the bacterial density was reduced by 2-3 log CFU.mL. These results may be applied as a potent technology to be included in the formulation of new disinfectants.</subfield>
   </datafield>
   <datafield tag="653" ind2=" " ind1=" ">
      <subfield code="a">Nanopartícules</subfield>
   </datafield>
   <datafield tag="653" ind2=" " ind1=" ">
      <subfield code="a">Aliments -- Manipulació -- Aspectes higiènics</subfield>
   </datafield>
   <datafield tag="653" ind2=" " ind1=" ">
      <subfield code="a">TiO2</subfield>
   </datafield>
   <datafield tag="653" ind2=" " ind1=" ">
      <subfield code="a">Nanopartículas</subfield>
   </datafield>
   <datafield tag="653" ind2=" " ind1=" ">
      <subfield code="a">Desinfección fotocatalítica</subfield>
   </datafield>
   <datafield tag="653" ind2=" " ind1=" ">
      <subfield code="a">Higiene alimentari</subfield>
   </datafield>
   <datafield ind2="0" ind1="0" tag="245">
      <subfield code="a">Bactericidal efficacy of UV activated TiO2 nanoparticles against Gram-positive and Gram-negative bacteria on suspension Eficacia bactericida de nanopartículas de TiO2 activadas por luz UV contra bacterias Gram-positivas y Gram-negativas en suspensión</subfield>
   </datafield>
</record></metadata></record></GetRecord></OAI-PMH>